Statistics for Five Biggest Cities by Region #5 (Extreme)

Click here to take the quiz!

General Stats

  • This quiz has been taken 420 times
  • The average score is 13 of 45

Answer Stats

HintAnswer% Correct
7,273,947Kinshasa
95%
674,435Palermo
95%
525,300Asunción
93%
1,373,382Brazzaville
90%
131,554Bern
89%
381,931San Juan
89%
17,600Nuuk
88%
20,621Belmopan
83%
61,762Belize City
79%
314,555Catania
66%
1,283,380Lubumbashi
48%
122,291Siracusa
45%
25,763Papeete
40%
238,439Messina
38%
180,963Petropavlovsk-Kamchatsky
33%
1,213,726Mbuji-Mayi
32%
715,334Pointe-Noire
25%
293,800Ciudad del Este
20%
132,502Ponce
18%
54,163Biel
15%
29,719Faaa
13%
43,500Thun
11%
185,996Bayamón
10%
252,600San Lorenzo
9%
17,429San Pedro
9%
83,194Marsala
8%
3,084Qaqortoq
8%
5,414Sisimiut
8%
157,832Carolina
7%
82,243Caguas
6%
4,555Ilulissat
6%
13,683Orange Walk
6%
21.151San Ignacio
6%
2,947Palana
5%
3,112Aasiaat
4%
224,200Capiatá
4%
40,214Köniz
4%
243,500Luque
4%
38,824Yelizovo
4%
27,622Punaauia
3%
14,368Mahina
2%
14,094Pirae
2%
21,763Vilyuchinsk
2%
16,788Ostermundigen
1%
1,524Vulkanny
1%

Score Distribution

Percentile by Number Answered

Percent of People with Each Score

Your Score History

You have not taken this quiz